Vývoj nezamestnanosti v košickom regióne

Bibliographic Details
Main Authors: Mohlerová, Sylvia (Author), Záharská, Zuzana (Author)
Format: Article
Language:Slovak
PhysicalDescription:Grafy
ISSN:1336-5053
Subjects:

MARC

LEADER 00000nab a2200000 ar4500
001 vtls008947898
003 SK-MaSNL
005 20260303070509.0
008 171108c2006 xo mr|p|||||||000 b|slo
015 |a SNBRB2007/02  |2 snkbucl 
038 |a SNKBUCL 
040 |a SNKBUCL  |b slo  |c SNKBUCL  |e AACR2 
041 0 |a slo 
044 |a xo  |c SK 
080 |a 331.56(437.6)  |2 2001 
100 1 |a Mohlerová, Sylvia  |4 aut  |9 1068007 
245 1 0 |a Vývoj nezamestnanosti v košickom regióne  |c Sylvia Mohlerová, Zuzana Záraská 
300 |b Grafy 
650 0 7 |a nezamestnanosť  |2 snkbucl  |9 4271 
651 7 |a Košice (Slovensko)  |2 snkbucl  |9 18694 
700 1 |a Záharská, Zuzana  |4 aut  |9 1068008 
773 0 |t Sociálna politika a zamestnanosť  |g Č. 11 (2006), s. 7-9  |x 1336-5053 
852 |a SNK  |b KIS3GCP 
958 |a SK 
999 |c 1755641  |d 1757571